000 00845nam a22001817a 4500
001 10098
003 FISKH
005 20260408102318.0
008 260408b cb ||||| |||| 00| 0 eng d
020 _a9787568259460
040 _aFISKH
_bchi
_cFISKH
_dFISKH
100 _a(日)大桥惠美子
245 _a变变变,现在有两个我啦 /
_cBy (日)大桥惠美子
300 _a28 pages :
_bcolor illustrations ;
_c25 cm .
520 _a故事讲述小女孩友美在草丛里看到小狐狸今太和常吉在变身比赛。常吉变成了友美的样子,被友美的妈妈误以为是真的友美带回家。常吉只好假装是友美吃饭睡觉。后来友美来找他,常吉变回小狐狸,与今太高高兴兴地回家了。这是一本有趣的绘本,适合幼儿阅读。
942 _2ddc
_cBK
_n0
999 _c10098
_d10098